Timber Utilisation Contract Between The Government Of And Elton And Sons Company Limited In Bimpong Forest Reserve (Record no. 5563)
[ view plain ]
| 000 -LEADER | |
|---|---|
| fixed length control field | 00644nam a22001697a 4500 |
| 003 - CONTROL NUMBER IDENTIFIER | |
| control field | OSt |
| 005 - DATE AND TIME OF LATEST TRANSACTION | |
| control field | 20250729155040.0 |
| 008 - FIXED-LENGTH DATA ELEMENTS--GENERAL INFORMATION | |
| fixed length control field | 250729b |||||||| |||| 00| 0 eng d |
| 041 ## - LANGUAGE CODE | |
| Language code of text/sound track or separate title | English |
| 082 ## - DEWEY DECIMAL CLASSIFICATION NUMBER | |
| Classification number | Acc No; 11,571 MLNR/BFR/23 |
| 110 ## - MAIN ENTRY--CORPORATE NAME | |
| Corporate name or jurisdiction name as entry element | Ministry Of Lands And Natural Resources |
| 245 ## - TITLE STATEMENT | |
| Title | Timber Utilisation Contract Between The Government Of And Elton And Sons Company Limited In Bimpong Forest Reserve |
| 260 ## - PUBLICATION, DISTRIBUTION, ETC. | |
| Place of publication, distribution, etc. | Accra |
| Name of publisher, distributor, etc. | Parliament Of Ghana |
| Date of publication, distribution, etc. | 2024 |
| 300 ## - PHYSICAL DESCRIPTION | |
| Extent | 20p;Maps |
| 653 ## - INDEX TERM--UNCONTROLLED | |
| Uncontrolled term | Timber Utilisation Contract Between The Government Of And Elton And Sons Company Limited In Bimpong Forest Reserve |
| 942 ## - ADDED ENTRY ELEMENTS (KOHA) | |
| Source of classification or shelving scheme | Dewey Decimal Classification |
| Koha item type | Reports |
| Suppress in OPAC | No |
| Withdrawn status | Lost status | Source of classification or shelving scheme | Damaged status | Not for loan | Home library | Current library | Shelving location | Date acquired | Total checkouts | Full call number | Date last seen | Copy number | Price effective from | Koha item type |
|---|---|---|---|---|---|---|---|---|---|---|---|---|---|---|
| Dewey Decimal Classification | Main Library | Main Library | Open Shelves | 29/07/2025 | Acc No; 11,571 MLNR/BFR/23 | 29/07/2025 | 1 | 29/07/2025 | Reports | |||||
| Dewey Decimal Classification | Main Library | Main Library | Open Shelves | 29/07/2025 | Acc No; 11,572 MLNR/BFR/23 | 29/07/2025 | 2 | 29/07/2025 | Reports |